| 000 | 00707cam a2200265 4500 | ||
|---|---|---|---|
| 008 | 090401t1998 xxu||||| |||| 00| 0 eng d | ||
| 020 | _a1860811949 | ||
| 035 | _a(Sirsi) u85164 | ||
| 041 | _aeng | ||
| 050 | _a729.28 | ||
| 110 | _aBuilding Research Establishment | ||
| 245 | _aDaylight in atrium buildings. | ||
| 260 |
_aLondon _bConstruction Research Communications Ltd _c1998 |
||
| 300 | _a8p. : ill. ; 30cm. | ||
| 350 | _a0 | ||
| 490 |
_aBRE Information Paper _v3/98 |
||
| 650 | _aATRIA | ||
| 650 | _aDAYLIGHT | ||
| 650 | _aLIGHTING | ||
| 690 | _aBUILT ENVIRONMENT-CONSTRUCTION DESIGN | ||
| 700 | _aLittlefair, P.J. | ||
| 700 | _aAizlewood, M.E. | ||
| 942 | _n0 | ||
| 948 | _c25/03/1998 | ||
| 999 |
_c97012 _d97012 |
||